Strategic management of technological innovation / (Record no. 8708)
[ view plain ]
| 000 -LEADER | |
|---|---|
| fixed length control field | 00755nam a22002292 4500 |
| 001 - CONTROL NUMBER | |
| control field | 0000018909 |
| 005 - DATE AND TIME OF LATEST TRANSACTION | |
| control field | 20151217152140.0 |
| 008 - FIXED-LENGTH DATA ELEMENTS--GENERAL INFORMATION | |
| fixed length control field | 100815s xx 000 0 eng d |
| 020 ## - INTERNATIONAL STANDARD BOOK NUMBER | |
| International Standard Book Number | 0070667128 : |
| 040 ## - CATALOGING SOURCE | |
| Original cataloging agency | KABU |
| Transcribing agency | KABU |
| 100 1# - MAIN ENTRY--PERSONAL NAME | |
| Personal name | Schilling, Melissa A. |
| -- | 0000178384 |
| 245 10 - TITLE STATEMENT | |
| Title | Strategic management of technological innovation / |
| Statement of responsibility, etc. | Melissa A. Schilling. |
| 250 ## - EDITION STATEMENT | |
| Edition statement | 1st ed. |
| 260 ## - PUBLICATION, DISTRIBUTION, ETC. (IMPRINT) | |
| Place of publication, distribution, etc. | New Delhi : |
| Name of publisher, distributor, etc. | Tata McGraw-Hill, |
| Date of publication, distribution, etc. | 2008. |
| 300 ## - PHYSICAL DESCRIPTION | |
| Extent | xv, 313 p. |
| 650 #0 - SUBJECT ADDED ENTRY--TOPICAL TERM | |
| Topical term or geographic name as entry element | Strategic planning. |
| -- | 0000150576 |
| 650 #0 - SUBJECT ADDED ENTRY--TOPICAL TERM | |
| Topical term or geographic name as entry element | Technological innovations |
| General subdivision | Management. |
| -- | 0000150793 |
| 852 1# - LOCATION | |
| -- | p1950 KES |
| 852 1# - LOCATION | |
| -- | p1950 KES |
| 908 ## - PUT COMMAND PARAMETER (RLIN) | |
| Put command parameter | 100815 |
| 950 ## - LOCAL HOLDINGS (RLIN) | |
| -- | 1 |
| Withdrawn status | Lost status | Source of classification or shelving scheme | Not for loan | Home library | Current library | Date acquired | Total Checkouts | Full call number | Barcode | Date last seen | Price effective from | Koha item type |
|---|---|---|---|---|---|---|---|---|---|---|---|---|
| Library of Congress Classification | Kabarak, Main Campus | Kabarak, Main Campus | 17/12/2015 | HD45 .S35 2008 c. 1 | 24347 | 02/08/2024 | 17/12/2015 | General Collection | ||||
| Library of Congress Classification | Kabarak, Main Campus | Kabarak, Main Campus | 17/12/2015 | HD45 .S35 2008 c. 2 | 24353 | 02/08/2024 | 17/12/2015 | General Collection |